书目信息 |
| 题名: |
瑞典史
|
|
| 作者: | 安德生 著 ;苏公隽 译 | |
| 分册: | 上册 | |
| 出版信息: | 北京 商务印书馆 1963.1 |
|
| 页数: | 328页 | |
| 开本: | 20cm | |
| 丛书名: | ||
| 单 册: | ||
| 中图分类: | K532.0 | |
| 科图分类: | ||
| 主题词: | 北欧--历史 | |
| 电子资源: | ||
| ISBN: | ||
| 000 | 00616nam0 2200229 45 | |
| 001 | 0212180898 | |
| 005 | 20031219104102.5 | |
| 010 | @dCNY2.00 | |
| 091 | @a11017.130 | |
| 100 | @a20021218d1963 km y0chiy0120 ea | |
| 101 | 0 | @achi |
| 105 | @a z 000yy | |
| 200 | 1 | @a瑞典史@h上册@ARui Dian Shi@f(瑞典)安德生著@F(Rui Dian)An De Sheng Zhu@g苏公隽译 |
| 210 | @a北京@c商务印书馆@d1963.1 | |
| 215 | @a328页@d20cm | |
| 300 | @a内部读物 | |
| 606 | 0 | @a北欧@x历史 |
| 690 | @aK532.0@v3 | |
| 701 | 0 | @a安德生@4著 |
| 702 | 0 | @a苏公隽@ASu Gong Juan@4译 |
| 801 | @aCN@bTSTC@c20021218 | |
| 905 | @b219179@dK532.0@e1:1@f1 | |
| 瑞典史.上册/(瑞典)安德生著/苏公隽译.-北京:商务印书馆,1963.1 |
| 328页;20cm |
| 内部读物 |
| ISBN :CNY2.00 |
| ● |
| 相关链接 |
|
|
|
|
正题名:瑞典史
索取号:K532.0/1:1
 
预约/预借
| 序号 | 登录号 | 条形码 | 馆藏地/架位号 | 状态 | 备注 |
| 1 | 0219179 | 001750028 | 密集书库/ [索取号:K532.0/1:1] | 在馆 | |
| 2 | 0228390 | 001395626 | 第二样本阅览室/ [索取号:K532.0/1:1] | 在馆 |